000 00894nam a22003257b 4500
001 002163232
003 DO-SdBPM
005 20250219104750.0
007 002163232
008 070227s2006 sp a ||| ||spa
015 _a
017 _a
_b
020 _a9788498204315
035 _a
040 _aDO-SdBPM
_bspa
_cBPMSU
_e
082 4 _a372.357
_bM678a 2006
_222
245 0 0 _aMis animales favoritos :
_bla foca
_h
260 _aMadrid :
_bEl País,
_c2006.
300 _a47 p. :
_bil. ;
_c19 cm
490 0 _aMis animales favoritos,
_v15
590 _aInventariado, 2025/VM
648 _x
650 4 _aAnimales
_xEnseñanza primaria
650 4 _aNaturaleza
_xEnseñanza primaria
650 4 _aFocas
_xHábitos y conducta
_v
_2
650 4 _aAnimales
_vCuentos infantiles
710 2 _aEl País
910 _aVMateo V. Control de calidad. BPMSU
942 _2ddc
_cBK
999 _c14942
_d14942